Chansons françaises par paroles A-Z - Statistiques

Statistiques générales
  • Ce quiz a été pris 3 095 fois
  • Le résultat moyen est 8 sur 26
Statistiques - réponses
Lettre Paroles Réponse % Correct
B J'ai vu qu'le rap est à la mode Et qu'il marche mieux quand il est sale Bah, faudrait p't'être casser les codes Une fille qui l'ouvre, ça serait normal Balance ton quoi
83%
C Ce gars m'a tué (tué) Assassinée (tué) Oui, j'ai succombé (tué) Comme dans les films au ciné (tué) Chocolat
75%
A Acheter des tableaux Et des vaches en photo C'est tout ce que t'as trouvé Pour te la rappeler À nos souvenirs
65%
D Une légère envie de violence quand elle relace ses bas Je ne suis plus à vendre, Houna je ne suis plus comme ça Des rumeurs adolescentes disent que je ne suis pas À toi et je pense qu'une part de vrai se cache Dis-moi
63%
J Finie l'hypocrisie. Moi, j'me casse de là!
J'en ai marre des langues de bois!
Regardez-moi, d'toute manière j'vous en veux pas
Et j'suis comme ça (j'suis comme ça)
Je veux
48%
M Les dieux, les religions Les guerres de civilisation Les armes, les drapeaux, les patries, les nations Font toujours de nous de la chair à canon Manhattan-Kaboul
43%
F Mange ta soupe
Allez, brosse-toi les dents
Touche pas ça, fais dodo
Dis papa, dis maman
Fais pas ci, fais pas ça
41%
O D'un chef de file J'en ai pas l'profil Mais sur l'oreiller, j'aime pas qu'on me questionne Je suis pas James Bond Entouré de belles blondes (non, non, non) On s'attache
38%
L Les gens de mon temps s'agacent Quand d'autres gens les remplacent Et si on posait nos traces Au-delà de la préface? Les filles d'aujourd'hui
34%
K Mais moi, mais moi, je joue avec les filles Mais moi, mais moi, je ne prône pas mon chibre Mais moi, mais moi, j'accélèrerai tes rides Pour que tes propos cessent et disparaissent Kid
33%
E C'est pas grand chose, rien qu'une pause Que le temps, les horloges se reposent Et caresser, juste un baiser Un baiser Encore un soir
31%
G Dix ans de chaînes sans voir le jour, c'était ma peine forçat de l'amour Et bonne chance à celui qui veut ma place Dix ans de chaînes sans voir le jour, c'était ma peine forçat de l'amour J'ai refusé, mourir d'amour enchaîné Gabrielle
31%
R On a tous dans le coeur le ticket pour Liverpool Sortie de scène hélicoptère pour échapper à la foule Excuse-me Sir mais j'entends plus Big Ben qui sonne Les scarabées bourdonnent, c'est la folie à London Rockollection
30%
Q On m'avait dit que les hommes sont tous pareils Y'a plusieurs dieux, mais y'a qu'un seul soleil Oui mais, l'soleil il brille ou bien il brûle Tu meurs de soif ou bien tu bois des bulles Qui a le droit
29%
S C'est une maison bleue Accrochée à ma mémoire On y vient à pied, on ne frappe pas Ceux qui vivent là, ont jeté la clef San Francisco
29%
I C'était un p'tit bonhomme, rien qu'un tout p'tit bonhomme
Malhabile et rêveur, un peu loupé en somme
Se croyait inutile, banni des autres hommes
Il pleurait sur son saxophone
Il changeait la vie
28%
H Nos jeux dans les vagues près du quai
Je n'ai vu le temps passer
L'amour sur la plage désertée
Nos corps brûlés, enlacés
Hélène
23%
P Mes disques sont un miroir Dans lequel chacun peut me voir Je suis partout à la fois Brisée en mille éclats de voix Poupée de cire, poupée de son
19%
U Je ne veux pas les juger
Je ne veux pas jeter la première pierre
Et si, en poussant la porte
Je les trouve bouche-à -bouche dans le salon Je n'aurais pas l'audace de tousser Si ça me dérange, je n'ai qu'à m'en aller
Une femme avec une femme
14%
N Elle parlait en phrases sobres De la révolution d'octobre Je pensais déjà Qu'après le tombeau de Lénine On irait au café Pouchkine Boire un chocolat Nathalie
12%
T Tu es fort en thème Math-elem Mais en math-sup tu deviens blême Dans amour toujours C'est le pour Ou le contre on récolte ce que l'on sème Tandem
11%
Z J'suis pas dans l'vent des guignols
De ces joueurs en fond de court
De ceux qui, pour un p'tit bout d'atoll
Sont prêts à larguer les amours
Tous ces maîtres-chanteurs
Ha, qui manquent de coffre et de cœur
C'est facile de compter les erreurs
Quand on ne joue pas la scène
Zen
6%
V Oh mais quand dans l'amour Tout s'effondre Toute la misère du monde N'est rien à côté d'un adieu Vivre ou survivre
3%
W Ils sont arrivés dans l'île nue Sans un bagage et les pieds nus Comme un cyclone inattendu Comme une fleur avant la saison Comme une pluie de papillons À laquelle on a jamais cru Wight is wight
2%
X Qu'on soit des filles de L'histoire, rares Qu'on soit des filles des Fleurs de trottoirs C'est comme ça Qu'on soit Paul en Pauline Faire la une des magazines Négative ou positives Toutes les filles XXL
2%
Y Les pommiers sont en fleurs Ils berceront ton cœur Toi qui es tout en pleurs Ne reste pas dans la ville Y'a le printemps qui chante
2%
Aucun quiz correspondant
Distribution des résultats
% des personnes avec chaque résultat
Percentile par nombre de réponses
Votre historique - résultats
Vous n’avez pas pris ce quiz